000 00978nam a2200217 u 4500
001 000475905
003 AM-YeHGA
005 20250617133958.0
008 060220s1983 ||||||||||||||||||||rus d
040 _aAM-YeHGA
041 0 _arus
100 1 _aЛанцов, Александр Лаврентьевич
245 1 0 _aЦифровые устройства на комплементарных МДП интегральных микросхемах /
_cА.Л. Ланцов, Л.Н. Зворыкин, И.Ф. Осипов.
260 _aМосква :
_bРадио и связь,
_c1983.
300 _a272 с. :
_bил.
504 _aСписок лит. с. 270
650 1 4 _aЭлектронные элементы, использующие свойства твердого тела. Полупроводниковая электроника
700 1 _aЗворыкин, Лев Николаевич
700 1 _aОсипов, Иван Фомич
090 _c175882
999 _c174440
_d174440